España 1808-1975 : edición española corregida y aumentada por el autor / Raymond Carr edición española corregida y aumentada por el autor / Raymond Carr
Descripción Física:
826 p., [85] p. de làm. ; 22 cm
Colección:
Ariel historia
Materias:
Espanya -- Història -- S. XIX/XX
MARC
| LEADER | 00000nam a2200000Ia 4500 | ||
|---|---|---|---|
| 001 | 2255 | ||
| 008 | 160829s1985 xx 000 0 cat d | ||
| 080 | |a H-1-125 | ||
| 100 | |a Carr, Raymond |9 28046 | ||
| 245 | |a España 1808-1975 : |b edición española corregida y aumentada por el autor / Raymond Carr | ||
| 250 | |a 3a ed. | ||
| 260 | |a Barcelona : |b Ariel, |c 1985 | ||
| 300 | |a 826 p., [85] p. de làm. ; |c 22 cm | ||
| 490 | |a Ariel historia | ||
| 650 | |a Espanya |x Història |x S. XIX/XX |9 26347 | ||
| 901 | |a Arxiu | ||
| 942 | |n 1 | ||
| 952 | |0 0 |1 0 |4 0 |6 H1125 |7 1 |9 48048 |a Arxiu |b Arxiu |d 2016-12-01 |l 0 |o H-1-125 |p 2255 |r 2016-12-01 00:00:00 |w 2016-12-01 |y ARXIU | ||
| 999 | |c 51851 |d 51851 | ||